Top 40 Biggest Countries By Area - Statistics

General Stats
  • This quiz has been taken 159 times
  • The average score is 35 of 40
Answer Stats
Rank Answer Size (Miles) % Correct
2 Canada 3,855,101
99%
3 China 3,747,877
99%
1 Russia 6,601,665
99%
5 Brazil 3,287,955
97%
4 USA 3,618,783
97%
7 India 1,269,345
96%
8 Argentina 1,073,518
95%
10 Algeria 919,595
94%
6 Australia 2,969,906
94%
30 Egypt 387,048
94%
18 Iran 636,371
94%
14 Mexico 758,449
94%
13 Saudi Arabia 830,000
94%
9 Kazakhstan 1,052,089
93%
19 Mongolia 603,906
93%
25 South Africa 471,445
93%
26 Colombia 440,831
92%
15 Indonesia 735,358
92%
34 Pakistan 340,508
90%
20 Peru 496,224
90%
21 Chad 495,755
89%
22 Niger 489,191
89%
16 Sudan 728,215
88%
17 Libya 679,362
87%
38 Chile 291,932
86%
37 Turkey 302,535
86%
27 Ethiopia 426,372
84%
33 Venezuela 353,841
84%
24 Mali 478,841
82%
23 Angola 481,353
81%
28 Bolivia 424,164
79%
11 DRC 905,354
78%
29 Mauritania 397,955
78%
32 Nigeria 356,669
78%
36 Mozambique 309,496
77%
35 Namibia 318,772
76%
40 Burma 261,228
72%
31 Tanzania 364,900
72%
39 Zambia 290,585
68%
12 Denmark 836,330
55%
No matching quizzes found
Score Distribution
Percent of People with Each Score
Percentile by Number Answered
Your Score History
You have not taken this quiz